| 000 | 01372cam a22003011 4500 | ||
|---|---|---|---|
| 001 | rc 01002834 | ||
| 003 | DLC | ||
| 005 | 20260227111908.0 | ||
| 007 | cr_||||||||||| | ||
| 008 | 840524s1835 vau 000 0 eng | ||
| 010 | _arc 01002834 | ||
| 035 | _a(OCoLC)10769705 | ||
| 040 |
_aDLC _cViU _dDLC |
||
| 043 |
_an-us-va _an-us-dc |
||
| 050 | 0 | 0 |
_aF224 _b.M38 |
| 100 | 1 |
_aMartin, Joseph, _cof Charlottesville, Va, _eed. |
|
| 245 | 1 | 2 |
_aA new and comprehensive gazetteer of Virginia, and the District of Columbia, _cby Joseph Martin. To which is added a History of Virginia from its first settlement to the year 1754: with an abstract of the principal events from that period to the independence of Virginia ... by a citizen of Virginia [W. H. Brockenbrough] |
| 260 |
_aCharlottesville, _bJ. Martin, _c1835. |
||
| 300 |
_a636 p. _bfold map. _c24 cm. |
||
| 500 | _aSabin 44894. | ||
| 500 | _aAlso published at Richmond without date, under title: A comprehensive description of Virginia and the District of Columbia. | ||
| 530 | _aAlso available in digital form on the Internet Archive Web site. | ||
| 651 | 0 |
_aVirginia _xGazetteers. |
|
| 651 | 0 |
_aWashington (D.C.) _xGazetteers. |
|
| 651 | 0 |
_aVirginia _xHistory _yColonial period, ca. 1600-1775. |
|
| 700 | 1 |
_aBrockenbrough, William Henry, _d1812-1850. |
|
| 856 | 4 | 1 | _uhttp://hdl.loc.gov/loc.gdc/scd0001.0001357571A |
| 999 |
_c52429 _d52429 |
||